Bước đường trở thành bố già Corleone : Viết theo đề cương của Mario Puzo = The family corleone

সংরক্ষণ করুন:
গ্রন্থ-পঞ্জীর বিবরন
প্রধান লেখক: Falco, Edward
বিন্যাস: গ্রন্থ
ভাষা:Undetermined
প্রকাশিত: Thành phố Hồ Chí Minh Phương Đông 2012
বিষয়গুলি:
ট্যাগগুলো: ট্যাগ যুক্ত করুন
কোনো ট্যাগ নেই, প্রথমজন হিসাবে ট্যাগ করুন!
Thư viện lưu trữ: Trung tâm Học liệu Trường Đại học Cần Thơ
LEADER 00755nam a2200205Ia 4500
001 CTU_180992
008 210402s9999 xx 000 0 und d
020 |c 205000 
082 |a 813.54 
082 |b F181 
100 |a Falco, Edward 
245 0 |a Bước đường trở thành bố già Corleone : 
245 0 |b Viết theo đề cương của Mario Puzo = The family corleone 
245 0 |c Mark Winegardner ; Phan Quang Định ( dịch ) 
260 |a Thành phố Hồ Chí Minh 
260 |b Phương Đông 
260 |c 2012 
650 |a Corleone family (Fictitious characters),Gia đình Corleone (nhân vật hư cấu) 
904 |i Ngà,Hải 
980 |a Trung tâm Học liệu Trường Đại học Cần Thơ